| 000 | 00346nam a22001337a 4500 | ||
|---|---|---|---|
| 008 | 180927b xxu||||| |||| 00| 0 eng d | ||
| 020 | _a0316123919 | ||
| 041 | _aeng | ||
| 080 | _a150.9 | ||
| 100 | _a48 | ||
| 101 | _aPSI | ||
| 245 |
_aCommunication Assesment And Intervetion for Adults With Mental Relation _cStephen,N |
||
| 942 |
_2udc _cBK |
||
| 999 |
_c48633 _d48633 |
||